[Event "III Duchamp Open 2019"]
[Site "Rio de Janeiro"]
[Date "2019.12.12"]
[Round "7.14"]
[White "Rangel, Daniel"]
[Black "Zuriel, Marisa"]
[Result "1-0"]
[WhiteElo "2258"]
[BlackElo "2178"]
[Annotator "TA"]
[PlyCount "107"]
[EventDate "2019.12.07"]
[EventType "swiss"]
[EventCountry "BRA"]
[SourceTitle "playchess.com"]
[Source "ChessBase"]
[SourceQuality "1"]

{[%evp 19,107,44,40,33,55,56,70,54,70,35,77,65,81,52,75,28,72,0,0,0,-8,-35,-27,-36,-35,-23,-3,-25,-16,-14,13,-54,-51,-63,-59,-56,-37,-71,-38,-54,-22,-178,168,147,129,0,0,-8,22,14,24,45,41,40,119,119,116,97,109,102,105,108,252,247,232,242,198,268,258,262,249,233,370,369,426,420,477,474,551,547,808,799,668,708,1083,1039,957,708,1039,1045]} 1. Nf3 d6 2. d4 Nf6 3. g3 g6 4. b3 Nbd7 5. Bb2 Bg7 6. Bg2 c5 7. O-O O-O 8. c4 cxd4 9. Nxd4 a6 10. Nc3 Nc5 11. b4 {E65: King's Indian: Fianchetto: 6...c5 7 0-0 without d5 by White} (11. Qd2 Rb8 12. Rfd1 Ne6 13. Nc2 b5 14. Nb4 Bb7 15. cxb5 axb5 16. Rac1 Bxg2 17. Kxg2 Qb6 18. Ncd5 Nxd5 19. Nxd5 Qb7 20. Rc6 Bxb2 21. Rb6 Qxd5+ {½-½ (21) Andreikin,D (2712)-Sachdev,T (2402) chess.com INT 2018}) 11... Ncd7 12. Rc1 $146 ({Predecessor:} 12. Nc2 Qc7 13. Ne3 Ne5 14. Qb3 Be6 15. Ncd5 Bxd5 16. cxd5 Rac8 17. Bh3 Rcd8 18. Rac1 Qb6 19. Nc4 Nxc4 20. Qxc4 a5 21. bxa5 Qxb2 22. Rb1 Qa3 23. Rxb7 {0-1 (23) Purushoth,G (1457)-Madhumida,S Dindigul 2014}) 12... Nb6 13. Nb1 {White is slightly better.} Bh6 14. Nd2 d5 15. c5 Nbd7 16. N4f3 Qc7 17. Rc2 Re8 18. Ne1 ({White should try} 18. Re1 $16) 18... e5 19. e4 dxe4 $1 20. Nxe4 Nxe4 21. Bxe4 Nf6 $36 {[%mdl 2048] Black fights for an advantage.} 22. Bg2 Bg4 23. Qa1 Rad8 24. Nf3 {[%cal Rb2e5]} Nd7 25. Nh4 (25. Re1 $11) 25... Nb8 $15 26. h3 Bd7 27. Nf3 {[%cal Rb2e5]} Nc6 28. Re2 {[%cal Rf3e5]} f6 (28... e4 $5 {[%cal Re4f3]} 29. Nd2 f5 $17) 29. a3 Bf5 {aiming for ...Bd3.} 30. Ne1 $2 (30. Bc1 $11 {and White stays safe.} Bg7 31. Rd2) 30... Nd4 $4 {[%mdl 8192]} (30... Be6 $1 $19 {avoids the disaster. And now ...Bc4 would win.} 31. Re4 Qf7) 31. Bxd4 $1 $18 Rxd4 {[#]} 32. g4 (32. Qxd4 $1 $16 {[%mdl 512]} exd4 33. Rxe8+ Bf8 34. Nf3) 32... Be6 $11 33. Nf3 Rdd8 {[#]} 34. g5 $1 {[%cal Rg5h6][%mdl 512]} Bg7 {...Bc4 is the strong threat.} (34... fxg5 35. Rfe1) 35. gxf6 Bxf6 {Hoping for ...Bc4.} 36. Rfe1 Bg7 (36... Kg7 $14 37. Nxe5 Bf5) 37. Nxe5 $16 Bc4 38. Re4 Bd5 39. R4e3 {Strongly threatening Bxd5+.} Bxg2 40. Kxg2 {Threatens to win with Qa2+.} h6 (40... Bf6 $16 {is a better defense.}) 41. Qa2+ $18 Kh7 {[%cal Re8e5] [#]} 42. Qf7 $1 {[%cal Rf7c7]} Qxf7 43. Nxf7 {[%mdl 64] Discovered Attack} Rxe3 44. Rxe3 {[%mdl 4096] Endgame KRB-KRN} Rd7 45. Nd6 Bf8 (45... Bb2 {was called for.} 46. Nc4 Bf6) 46. Nc4 Bg7 47. Re6 Rc7 48. Rb6 {White is clearly winning.} h5 49. Na5 Kh6 50. Rxb7 Rc8 51. Nc4 Rf8 52. Nd6 Bd4 53. Rf7 Rd8 54. Rf4 {Accuracy: White = 61%, Black = 38%.} 1-0

[Event "III Duchamp Open 2019"]
[Site "Rio de Janeiro"]
[Date "2019.12.12"]
[Round "7.15"]
[White "Gauche, Charles"]
[Black "Pirola, Claudionor Alcides L"]
[Result "1-0"]
[WhiteElo "2248"]
[BlackElo "2106"]
[Annotator "TA"]
[PlyCount "130"]
[EventDate "2019.12.07"]
[EventType "swiss"]
[EventCountry "BRA"]
[SourceTitle "playchess.com"]
[Source "ChessBase"]
[SourceQuality "1"]

{[%evp 23,130,44,70,53,57,67,62,57,82,79,74,74,95,76,69,61,111,106,102,86,106,67,90,115,106,108,112,100,114,87,112,108,100,113,115,106,206,207,207,207,207,202,193,0,0,-8,115,111,100,93,114,24,20,15,117,118,121,116,138,129,132,105,108,8,99,103,74,10,11,8,8,8,11,11,11,11,11,11,12,11,12,12,12,11,411,8,11,0,254,8,22,22,42,38,46,50,151,39,227,151,151,137,137,137,137,137,137,108,147]} 1. c4 e6 2. d4 d5 3. Nc3 Nf6 4. Bg5 Be7 5. e3 O-O 6. Rc1 b6 7. cxd5 exd5 8. Bd3 Bb7 9. Nge2 Nbd7 10. O-O h6 11. Bh4 Ne4 12. Bxe7 Qxe7 13. Nxe4 {D35: Queen's Gambit Declined: Exchange Variation} dxe4 14. Bb5 Nf6 (14... Rac8 15. Qa4 Nf6 16. Qxa7 Bd5 17. Nf4 Rfd8 18. a3 Bb3 19. Rc3 g5 20. Ng6 fxg6 21. Rxb3 {1-0 (49) Weindl,A (2351)-Vidonyak,N (2230) Germany 2003}) 15. Nf4 {White is slightly better.} c5 $146 ({Predecessor:} 15... Rfd8 16. Qa4 Rd6 17. Bc4 Kh8 18. Rc2 c6 19. Qb3 Nd5 20. Nh5 Qg5 {1-0 (40) Samigullina,D (2102)-Dudas,S (1796) Herceg Novi 2008}) 16. dxc5 bxc5 17. Qc2 a6 18. Ba4 Rac8 19. Rfd1 Qe5 20. Qb3 Qc7 21. Qc4 g5 22. Ne2 Ng4 23. Ng3 Ne5 24. Qc3 f5 25. Bb3+ $1 c4 26. Rd4 $1 cxb3 27. Qxc7 Rxc7 28. Rxc7 bxa2 29. Rc1 Rc8 (29... Bc8 $16) 30. Rxc8+ $18 Bxc8 {[%mdl 4096] Endgame KRN-KBN} 31. Ra4 Be6 32. Ne2 Nd3 33. Nc3 $2 {[#]} (33. Rxa6 $18 Bc4 34. Ra5) 33... Nb4 $1 $11 {[%mdl 512]} 34. f3 (34. Rxb4 a1=Q+) 34... Kf7 (34... Bb3 $11 35. Ra5 exf3) 35. fxe4 $16 fxe4 36. Kf2 $1 Ke7 37. Kg3 (37. Ke2 $16) 37... Kf7 38. h4 ({Don't blunder} 38. Nxe4 $2 Nc2 $19) 38... gxh4+ (38... Bb3 $11 39. Ra5 Kg6) 39. Kxh4 Kg6 40. Ra5 ({Weaker is} 40. Nxe4 Bb3 $15) 40... Kg7 41. Kg3 Kf7 42. Kf4 ({And not} 42. Nxe4 Nc2 $17) 42... Ke7 43. Ra4 (43. Kxe4 $16 Kd6 44. Kf4) 43... Nd3+ (43... Bb3 $1 $11 44. Ra5 Kd8) 44. Kg3 Nb4 45. Nxa2 ({White should play} 45. Kh4 $16) 45... Nxa2 $11 46. Rxa6 Nb4 47. Ra7+ Kf6 48. Rh7 Kg6 49. Rb7 Nd5 50. Kf2 h5 51. b4 Kf6 52. b5 Ke5 53. Rh7 Nf6 $2 {[%mdl 8192]} (53... Kd6 $11 {and Black stays safe.}) 54. Rc7 $2 (54. b6 $1 $18) 54... Nd5 55. Rh7 $2 (55. Rg7 $11) 55... Nf6 $18 56. Rh8 $2 (56. b6 $1 $18 {[%cal Rb6b7]} Bc8 57. b7 $1 {[%mdl 512]} Bxb7 58. Rxb7) 56... Ng4+ 57. Ke2 Kd6 58. Rxh5 Ne5 {aiming for ...Bg4+.} 59. Rh6 {And now b6 would win.} Nd7 (59... Ng4 $14 60. Rh4 Kc7) 60. Kd2 (60. Kd1 $16) 60... Ke5 $2 (60... Ne5 $1 $14) 61. Kc3 Nf6 62. Kb4 {Threatens to win with Kc5.} Nd5+ 63. Kc5 Nxe3 {[#]} 64. b6 $1 {[%cal Rb6b7] Threatening mate with b7.} Bd5 {intending ...Nf5.} 65. Rh5+ {[%mdl 1024] White has strong compensation.} Ke6 {Accuracy: White = 48%, Black = 38%.} 1-0

[Event "III Duchamp Open 2019"]
[Site "Rio de Janeiro"]
[Date "2019.12.11"]
[Round "7.16"]
[White "Donoso Diaz, Sebastian"]
[Black "Da Silva Junior, Sediney Mari"]
[Result "*"]
[WhiteElo "2234"]
[BlackElo "2011"]
[Annotator "TA"]
[PlyCount "35"]
[EventDate "2019.12.07"]
[EventType "swiss"]
[EventCountry "BRA"]
[SourceTitle "playchess.com"]
[Source "ChessBase"]
[SourceQuality "1"]

{[%evp 9,35,56,98,81,83,58,86,82,62,62,108,91,130,129,192,191,186,15,73,-33,0,0,0,0,137,148,231,206]} 1. d4 f5 2. Bg5 g6 3. Nc3 Bg7 4. h4 Nf6 (4... Nc6 5. Nf3 h6 6. Bf4 Nf6 7. d5 e5 8. Bxe5 Nxe5 9. Nxe5 Ne4 10. Nxe4 fxe4 11. Nxg6 Bxb2 12. e3 {0-1 (35) Wagner,D (2575)-Vallejo Pons,F (2684) Berlin 2015}) 5. h5 d5 6. h6 {A80: Dutch Defence: Unusual White second moves} Bf8 7. e3 c6 8. Qf3 $146 {White is better.} ({Predecessor:} 8. Bf4 Qb6 9. Rb1 Nbd7 10. Be2 Ne4 11. Nxe4 fxe4 {1-0 (52) Koch,C (2201)-Aalderink,G (2100) LSS email 2010}) 8... Qa5 {[#] Strongly threatening ...Ne4.} 9. Bd3 $1 Na6 10. Qf4 Qc7 11. Qh4 Ne4 (11... Nb4 $16 {was worth a try.}) 12. Bxe4 $18 dxe4 13. d5 $2 {[#]} ({Better is} 13. f3 $18) 13... cxd5 (13... Nb4 $11 {keeps the balance.} 14. O-O-O Nxd5 15. Nxd5 cxd5) 14. Nxd5 (14. O-O-O $16) 14... Qa5+ (14... Qc4 $5 {[%cal Rc4d5]} 15. O-O-O Be6 $15) 15. Nc3 Nb4 16. Rc1 Qd8 (16... Nxa2 $11 {remains equal.} 17. Ra1 Be6) 17. Nge2 Bd7 (17... Qb6 $16 {might work better.} 18. Qh2 Nc6) 18. O-O {Accuracy: White = 48%, Black = 20%.} *

[Event "III Duchamp Open 2019"]
[Site "Rio de Janeiro"]
[Date "2019.12.12"]
[Round "7.16"]
[White "Donoso Diaz, Sebastian"]
[Black "Da Silva Junior, Sediney Mari"]
[Result "1-0"]
[WhiteElo "2234"]
[BlackElo "2011"]
[Annotator "TA"]
[PlyCount "115"]
[EventDate "2019.12.07"]
[EventType "swiss"]
[EventCountry "BRA"]
[SourceTitle "playchess.com"]
[Source "ChessBase"]
[SourceQuality "1"]

{[%evp 9,115,80,70,72,74,68,68,72,104,103,106,79,129,138,181,183,209,32,36,-26,0,0,0,0,0,0,65,77,45,79,131,126,122,97,150,45,39,0,128,-54,-66,-224,-216,-218,-238,-236,-239,-216,-206,-236,-208,-241,-230,-216,-218,-220,-227,-213,-219,-218,-215,-202,-209,-200,-177,-173,-95,-83,-47,-119,-86,-96,-93,-133,-134,-239,-269,-272,-260,-217,-93,-120,-91,-176,-142,-318,0,0,0,0,0,0,0,0,0,0,0,0,2682,1729,12844,12844,12845,12845,12847,12847,12848,12847]} 1. d4 f5 2. Bg5 g6 3. Nc3 Bg7 4. h4 Nf6 (4... Nc6 5. Nf3 h6 6. Bf4 Nf6 7. d5 e5 8. Bxe5 Nxe5 9. Nxe5 Ne4 10. Nxe4 fxe4 11. Nxg6 Bxb2 12. e3 {0-1 (35) Wagner,D (2575)-Vallejo Pons,F (2684) Berlin 2015}) 5. h5 d5 6. h6 {A80: Dutch Defence: Unusual White second moves} Bf8 7. e3 c6 8. Qf3 $146 {White is slightly better.} ({Predecessor:} 8. Bf4 Qb6 9. Rb1 Nbd7 10. Be2 Ne4 11. Nxe4 fxe4 {1-0 (52) Koch,C (2201)-Aalderink,G (2100) LSS email 2010}) 8... Qa5 9. Bd3 $1 Na6 10. Qf4 Qc7 11. Qh4 Ne4 12. Bxe4 dxe4 13. d5 $2 (13. f3 $18) 13... cxd5 14. Nxd5 (14. O-O-O $14) 14... Qa5+ (14... Qc4 $5 {[%cal Rc4d5]} 15. O-O-O Be6 $15) 15. Nc3 Nb4 16. Rc1 Be6 17. Nge2 Bxa2 (17... Nxa2 $11 18. Ra1 Qb4) 18. O-O $1 $14 Bc4 19. Rfd1 Rd8 (19... Bxe2 $142 20. Nxe2 Nc6) 20. Rxd8+ $16 Qxd8 21. Nd4 Qb6 ({Black should play} 21... Rg8) 22. Qf4 ({White should try} 22. Qh2 $16 Qd6 23. Bf4) 22... Qd6 $1 $14 23. Qh4 e5 (23... Qb6 $1 $11) 24. Ndb5 $2 ({White has to play} 24. Rd1 $1 $16 {Threatens to win with Nxf5!} exd4 25. Rxd4) 24... Bxb5 $1 $15 25. Bf6 $2 (25. Nxb5 $15 Qd7 26. Nc3 (26. Bf6 Rg8 $17)) 25... Be7 $1 $19 {[%cal Re7f6]} ({And not} 25... Qd2 26. Rd1 $14) 26. Bxe7 Qxe7 27. Qxe7+ Kxe7 28. Nxb5 {[%mdl 4096] Endgame KRN-KRN} a6 29. Na3 Rd8 30. Kf1 Kf6 31. Ke2 g5 32. f3 exf3+ 33. gxf3 Kg6 34. Nc4 Nc6 ({Resist} 34... Kxh6 35. Nxe5 Re8 36. Nc4 $17) 35. Rh1 b5 36. Nd2 Ne7 37. c4 {[#]} b4 ({Better is} 37... Rd6 $1 $19 38. e4 Rc6 39. cxb5 axb5) 38. Ra1 $17 Ra8 39. c5 (39. Ra5 $15) 39... Nc6 40. Nc4 {With the idea Rd1.} Kxh6 41. Rd1 {[#] Hoping for Rd6+.} Rd8 $1 {[%cal Rd8d1] ...Rxd1 is the strong threat.} 42. Rxd8 (42. Ra1 $17 {was necessary.} a5 43. Nxa5 Nxa5 44. Rxa5) 42... Nxd8 $19 43. Nxe5 $17 {KN-KN} Ne6 44. c6 Kh5 (44... Kg7 $19 45. Kf2 Kf6) 45. b3 Kh4 46. Kf2 (46. Nd3 $17 {was called for.} a5 47. Nc5 {[%mdl 64] Promotion}) 46... Kh3 47. Nf7 $2 (47. Nd3 $17 {was the only defense.}) 47... Kh4 $2 (47... g4 $19 {Strongly threatening ...Kh2.} 48. fxg4 fxg4) 48. Nd6 Nc7 $1 49. Nxf5+ Kh5 50. Ne7 {Black must now prevent e4.} a5 {aiming for ...a4!} 51. Ke2 g4 52. fxg4+ $1 Kxg4 53. e4 {next Nd5 is good for White.} Ne8 $2 {[%mdl 8192]} (53... Ne6 $11) 54. Nd5 $18 {White is clearly winning.} h5 {[#]} 55. Nf6+ $1 {[%mdl 576] Deflection, Promotion} Nxf6 56. c7 Nxe4 57. c8=Q+ Kg3 58. Ke3 {Accuracy: White = 46%, Black = 50%.} 1-0

[Event "III Duchamp Open 2019"]
[Site "Rio de Janeiro"]
[Date "2019.12.12"]
[Round "8.2"]
[White "Supi, Luis Paulo"]
[Black "Cruz, Cristhian"]
[Result "1/2-1/2"]
[WhiteElo "2578"]
[BlackElo "2562"]
[Annotator "TA"]
[PlyCount "59"]
[EventDate "2019.12.07"]
[EventType "swiss"]
[EventCountry "BRA"]
[SourceTitle "playchess.com"]
[Source "ChessBase"]
[SourceQuality "1"]

{[%evp 15,59,41,47,47,33,43,60,69,62,45,53,35,67,27,22,20,59,59,59,59,52,62,64,64,56,0,0,0,0,-10,-8,-10,-11,-15,0,0,0,0,0,0,135,138,184,177,147,25]} 1. c4 e6 2. Nf3 Nf6 3. d4 b6 4. a3 c5 5. d5 Ba6 6. Qc2 exd5 7. cxd5 g6 8. Nc3 Bg7 9. h4 {E12: Queen's Indian: Unusual White 4th moves, 4 a3, 4 Nc3 Bb7 5 a3 and 4 Nc3 Bb7} d6 10. Bf4 Qe7 (10... h6 11. g3 Qe7 12. Qa4+ b5 13. Nxb5 O-O 14. Nxd6 Nxd5 15. O-O-O Nxf4 16. gxf4 Bb7 17. h5 Qf6 18. Rd2 Bc6 19. Qc4 Nd7 20. hxg6 Nb6 21. gxf7+ Kh8 22. Qc2 Qxf4 23. Nh4 {1-0 (23) Fedoseev,V (2706)-Bologan,V (2610) Poikovsky 2018}) 11. h5 {aiming for h6.White is slightly better.} O-O $1 12. hxg6 hxg6 13. Bg5 Re8 14. e3 $146 ({Predecessor:} 14. Qa4 c4 15. e3 Qd7 16. Qb4 {½-½ (29) Dehaybe,A (2097)-Schlenther,M (2447) LSS email 2012}) 14... Bxf1 15. Kxf1 Qb7 16. Bxf6 Bxf6 17. Ne4 Qe7 $1 {[%cal Re7e4]} 18. Nxf6+ Qxf6 19. Ke2 Nd7 20. Rh4 ({White should play} 20. Rh3 $1 $14) 20... Kg7 $1 $11 21. Rah1 Rh8 22. Rxh8 (22. Rf4 {with more complications.} Qe7 23. Qc3+ Ne5 24. Nxe5 dxe5 25. Rd1) 22... Rxh8 23. Rxh8 Kxh8 24. Qc3 Kg8 25. Qxf6 Nxf6 26. Nd2 Nxd5 27. Ne4 Nc7 (27... Kf8 $11 {remains equal.}) 28. Nxd6 $16 {White is clearly better.} Kg7 {[#]} 29. Kd3 $1 Kf6 30. Ke4 {Accuracy: White = 63%, Black = 46%.} (30. Kc4 $16) 1/2-1/2

[Event "III Duchamp Open 2019"]
[Site "Rio de Janeiro"]
[Date "2019.12.12"]
[Round "8.3"]
[White "Hernandez Guerrero, Gilberto"]
[Black "Ambartsumova, Karina"]
[Result "1-0"]
[WhiteElo "2554"]
[BlackElo "2341"]
[Annotator "TA"]
[PlyCount "81"]
[EventDate "2019.12.07"]
[EventType "swiss"]
[EventCountry "BRA"]
[SourceTitle "playchess.com"]
[Source "ChessBase"]
[SourceQuality "1"]

{[%evp 9,81,14,40,30,32,16,18,18,26,21,19,18,29,17,24,28,57,51,82,81,78,77,78,72,101,103,114,103,112,112,114,128,121,107,110,117,130,105,127,109,141,91,275,273,281,220,214,185,222,224,195,225,192,186,188,191,198,214,345,325,580,574,947,695,672,635,635,632,582,507,1054,412,580,568]} 1. e4 c5 2. Nf3 e6 3. b3 a6 4. Bb2 Nc6 5. g3 d6 6. d4 {B40: Sicilian: 2...e6, Unusual lines} cxd4 7. Nxd4 Bd7 8. Bg2 {The position is equal.} Nf6 9. O-O Be7 10. c4 O-O 11. Nc3 Nxd4 12. Qxd4 Bc6 13. a4 $146 ({Predecessor:} 13. Rad1 Re8 14. Rfe1 Qc7 15. Rc1 {1-0 (37) Firouzja,A (2682)-Martinez Alcantara,J (2583) chess.com INT 2019}) 13... a5 14. Rfd1 Qb8 15. Nb5 Rd8 16. Ba3 Ne8 17. Qe3 Bf8 18. Rac1 b6 19. Rd2 e5 20. Qe2 Qb7 21. Rcd1 Bxb5 22. cxb5 Rdc8 23. Rd3 Rc7 24. Bh3 g6 25. f3 d5 $2 (25... Rd8 $16) 26. Bxf8 $18 dxe4 27. fxe4 Kxf8 28. Bd7 Nf6 {[%cal Rc7d7]} 29. Bc6 $1 {[%cal Rc6b7][%mdl 64] [#] Skewer} Rxc6 30. bxc6 Qxc6 31. Rd6 Qc5+ 32. Kg2 Ne8 33. R6d5 Qe7 (33... Qc6 {was necessary.} 34. Rxe5 Nf6) 34. Qb2 f6 $2 (34... Rc8 {keeps fighting.} 35. Rxe5 Qc7) 35. Rd7 Qb4 36. Qe2 Rc8 37. Qe3 {White wants to mate with Qh6+.} Kg8 38. Kh3 Qf8 39. Rb7 Ng7 (39... g5 $142 40. Rdd7 (40. Qxb6 $2 Qh6+ 41. Kg4 f5+ 42. Kxf5 Rc6 $19) 40... Qh6+ 41. Kg2 Rc2+ 42. Rd2 Rc8 43. Rxb6 Kh8) 40. Rxb6 (40. Qh6 $142 {White threatens Rdd7 and mate.} Rb8 {[#]} 41. Qxg7+ $1 {[%mdl 576] Deflection} Qxg7 42. Rxb8+ Qf8 43. Rxf8+ Kxf8 44. Rd6) 40... Rc2 (40... Qf7 {is a better defense.} 41. Rdd6 Ne8) 41. Qd3 {Accuracy: White = 75%, Black = 46%.} 1-0

[Event "III Duchamp Open 2019"]
[Site "Rio de Janeiro"]
[Date "2019.12.12"]
[Round "8.4"]
[White "Aranha Filho, Alvaro Z."]
[Black "Von Buelow, Georg"]
[Result "1-0"]
[WhiteElo "2304"]
[BlackElo "2363"]
[Annotator "TA"]
[PlyCount "65"]
[EventDate "2019.12.07"]
[EventType "swiss"]
[EventCountry "BRA"]
[SourceTitle "playchess.com"]
[Source "ChessBase"]
[SourceQuality "1"]

{[%evp 9,65,20,16,20,20,20,22,33,31,22,60,66,80,62,93,64,218,219,243,243,245,191,250,175,174,178,228,230,236,220,368,375,484,466,508,472,475,465,681,664,661,658,1008,956,928,910,1104,824,1567,1409,29982,29983,29988,1128,29989,29990,29990,29991]} 1. d4 Nf6 2. c4 g6 3. Nc3 d5 4. cxd5 Nxd5 5. Bd2 Nb6 6. e3 {D85: Exchange Grünfeld: Unusual White 7th moves and lines with 7 Nf3} (6. Bf4 Bg7 7. Nf3 c5 8. dxc5 Bxc3+ 9. bxc3 Qxd1+ 10. Rxd1 Na4 11. g3 Nd7 12. c6 bxc6 13. Bg2 Nxc3 {½-½ (30) Ding,L (2805)-Mamedyarov,S (2764) Saint Louis 2019}) 6... Bg7 7. f4 O-O 8. Nf3 {The position is equal.} N8d7 9. e4 c5 10. d5 $1 Nf6 11. a4 $146 ({Predecessor:} 11. Be3 c4 12. h3 Nh5 13. Kf2 Bxc3 14. bxc3 {0-1 (36) Kierzek,M (2196)-Norman,K (2114) Bregenz 2019}) 11... a5 12. Qb3 Nbd7 $2 {[#]} (12... c4 $14 13. Bxc4 Nxc4 14. Qxc4 b6) 13. e5 $1 $18 Ng4 14. h3 Nh6 15. Be3 b6 (15... Nf5 $142) 16. Rd1 Nf5 17. Bf2 Nb8 18. Bc4 Na6 19. g4 Nh6 (19... Nd4 {might work better.} 20. Nxd4 cxd4) 20. Bh4 {Hoping for d6.} Qc7 21. O-O Nb4 22. Nb5 Qb7 23. d6 exd6 (23... e6 $142 24. Be7 Bd7 25. Bxf8 Rxf8) 24. Nxd6 Qc7 {[#]} 25. f5 $1 {[%mdl 512]} gxf5 26. g5 Ng4 27. hxg4 fxg4 28. Ne1 Bxe5 29. Bg3 Nc6 30. Bxf7+ Kg7 31. Bxe5+ Nxe5 {[#]} 32. Qc3 $1 {[%cal Rc3e5]} Qe7 33. Rd5 {Accuracy: White = 92%, Black = 33%.} 1-0

[Event "III Duchamp Open 2019"]
[Site "Rio de Janeiro"]
[Date "2019.12.13"]
[Round "8.5"]
[White "Vazquez, Guillermo"]
[Black "Galego, Luis"]
[Result "1/2-1/2"]
[WhiteElo "2506"]
[BlackElo "2483"]
[Annotator "TA"]
[PlyCount "115"]
[EventDate "2019.12.07"]
[EventType "swiss"]
[EventCountry "BRA"]
[SourceTitle "playchess.com"]
[Source "ChessBase"]
[SourceQuality "1"]

{[%evp 9,115,60,84,73,85,52,50,61,59,53,56,54,58,61,110,69,120,113,114,102,128,47,56,19,14,21,15,25,16,13,14,4,16,0,24,4,39,6,25,25,23,17,21,19,18,17,17,6,54,17,19,18,18,0,0,0,16,24,24,0,0,0,25,0,9,0,5,2,19,16,18,22,26,22,35,50,45,27,27,23,34,0,0,0,8,8,22,0,0,0,0,0,13,0,0,0,0,0,0,-225,-274,-209,0,0,0,0,0,0]} 1. e4 d6 2. d4 c6 3. Nf3 Nf6 4. Nc3 Bg4 5. h3 Bxf3 (5... Bh5 6. g4 Bg6 7. Bd3 e6 8. g5 Nfd7 9. Be3 Bh5 10. Be2 d5 11. Nd2 Bxe2 12. Nxe2 a5 13. c3 a4 14. h4 {1-0 (32) Zhigalko,S (2671)-Zhang,Z (2645) Doha 2016}) 6. Qxf3 {B07: Pirc Defence: Miscellaneous Systems} e6 7. Bd3 d5 8. O-O {White is slightly better.} Be7 9. e5 Nfd7 10. Qg3 g6 11. Ne2 a5 $146 ({Predecessor:} 11... c5 12. c3 Nc6 13. Be3 c4 14. Bc2 b5 15. Nf4 {0-1 (56) Morgunov,M (2312)-Stanec,N (2497) Vienna 2019}) 12. a4 Na6 (12... c5 $14) 13. c3 $16 Nc7 14. Bd2 b5 15. f4 (15. Rfb1 $16) 15... Nb6 $14 16. b3 bxa4 17. bxa4 Nc4 18. Bc1 Rb8 19. Qf3 Nb2 20. Bc2 Nc4 21. g3 Kd7 22. Kg2 Qf8 23. Bd3 Nb2 24. Bxb2 Rxb2 25. Rfb1 Rxb1 26. Rxb1 Qa8 27. Nc1 Rb8 28. Nb3 h5 29. g4 hxg4 30. hxg4 Rh8 31. Nd2 Rb8 32. Qf1 Rb7 33. Nb3 Rb8 34. Nd2 Rb7 35. Qd1 Rb8 36. Rb3 Qa7 37. Nf3 Na8 38. f5 gxf5 39. gxf5 Rxb3 40. Qxb3 Qb6 41. Qa2 exf5 42. Bxf5+ Ke8 43. Kg3 {[#] Strongly threatening Qh2.} Nc7 44. Qh2 c5 45. Qh5 cxd4 46. cxd4 Ne6 47. Bd3 {Bb5+ is the strong threat.} Nc7 ({Wrong is} 47... Nxd4 $2 48. Nxd4 Kd8 49. Nf3 $18) 48. Qg4 Qh6 49. Qc8+ Bd8 50. Bf5 Qc6 51. Ng5 {And now Kg2 would win.} Qc3+ 52. Kg4 Qxd4+ 53. Kh5 {White wants to mate with Qd7+.} Qxa4 54. e6 $2 (54. Nxf7 $11 Qh4+ 55. Kg6) 54... fxe6 $19 55. Bxe6 Nxe6 $2 ({Black should try} 55... Qc6 $19 56. Bg4 d4) 56. Qxe6+ $11 {[%mdl 64] [#] Double Attack. The position is equal.} ({Not} 56. Nxe6 $2 Qd7 $19) 56... Be7 57. Qc8+ Bd8 {Hoping for ...Qd7.} 58. Qe6+ {[%mdl 64] Double Attack. Accuracy: White = 42%, Black = 61%.} 1/2-1/2

[Event "III Duchamp Open 2019"]
[Site "Rio de Janeiro"]
[Date "2019.12.12"]
[Round "8.6"]
[White "Alonso, Salvador"]
[Black "Rangel, Daniel"]
[Result "1-0"]
[WhiteElo "2481"]
[BlackElo "2258"]
[Annotator "TA"]
[PlyCount "55"]
[EventDate "2019.12.07"]
[EventType "swiss"]
[EventCountry "BRA"]
[SourceTitle "playchess.com"]
[Source "ChessBase"]
[SourceQuality "1"]

{[%evp 14,55,31,31,49,39,58,24,50,36,79,66,71,77,80,67,109,108,83,86,157,157,168,158,154,136,116,27,52,8,20,11,158,150,317,310,576,576,963,661,957,931,29997,-10]} 1. e4 c6 2. d4 d5 3. Nd2 dxe4 4. Nxe4 Nf6 5. Nxf6+ exf6 6. c3 Bd6 7. Bd3 O-O 8. Qc2 h5 {B15: Caro-Kann: 3 Nc3: 3...g6 and 3...dxe4 4 Nxe4 Nf6 5 Nxf6+ exf6} 9. Ne2 Re8 10. O-O (10. Be3 Nd7 11. Ng3 Bf4 12. O-O-O Bxe3+ 13. fxe3 Rxe3 14. Rde1 Rxe1+ 15. Rxe1 Nf8 16. Nxh5 {½-½ (36) Mamedov,R (2650)-Cheparinov,I (2667) Hengshui 2019}) 10... Qc7 {White has an edge.} 11. h3 h4 12. Bd2 Nd7 13. Rae1 Nf8 {[#]} 14. c4 $146 ({Predecessor:} 14. Kh1 Bd7 15. Ng1 Rad8 16. Nf3 {½-½ (80) Nasuta,G (2520)-Hirneise,T (2472) Legnica 2018}) 14... c5 15. dxc5 Bxc5 16. b4 Be7 (16... Bd6 $142) 17. Nf4 $16 Be6 {[#]} 18. c5 $1 a5 19. Nxe6 (19. bxa5 Bxc5 20. Kh1 Rac8 $11) 19... Nxe6 20. Qc4 ({But not} 20. bxa5 $6 Bxc5 21. Re4 Rad8 $11) ({White should try} 20. a3 $16) 20... Qd7 $1 $11 21. Re3 axb4 22. Bxb4 $40 {[%mdl 128] Black needs to defend precisely.} Rac8 (22... Qd4 $11 {keeps the balance.}) 23. Bf5 $16 {[%cal Re3e6] [#] Black must now prevent Rxe6.} ({Much worse is} 23. Qxh4 $6 f5 $11) 23... Bxc5 $2 (23... Bf8 $16) 24. Bxc5 $18 Qc6 $2 (24... b6 {keeps fighting.} 25. Bxe6 (25. Qxh4 Rxc5 26. Qh7+ Kf8 $18) 25... Rxe6) 25. Qxh4 {[%csl Gf5][%cal Rh4h7]} Qxc5 26. Qh7+ Kf8 27. Rd1 {Intending Qh8+ and mate.} Rc7 28. Qh8+ {[%mdl 32768] Accuracy: White = 63%, Black = 28%. . Loss on time!?} 1-0